Valtiot, joissa ei ole jokia - Statistics

Yleistilastot
  • Tätä visaa on pelattu 1 051 kertaa
  • Keskiarvotulos 9 / 17
Vastaustilastot
Maanosa Valtio % Oikein
Eurooppa Vatikaani
89%
Eurooppa Monaco
81%
Oseaniaa Nauru
66%
Oseania Tuvalu
61%
Eurooppa Malta
57%
Aasia Qatar
56%
Aasia Bahrain
54%
Aasia Kuwait
53%
Aasia Oman
53%
Aasia Saudi-Arabia
53%
Aasia Jemen
52%
Oseania Kiribati
50%
Aasia Yhdistyneet arabiemiraatit
48%
Osenia Marshallinsaaret
47%
Pohjois-Amerikka Bahama
36%
Afrikka Komorit
35%
Aasia Malediivit
34%
Ehtoja vastaavia visoja ei löytynyt
Tulosjakauma
Jokaisen tuloksen saaneiden osuus
Persentiili vastausten määrän mukaan
Tuloshistoriasi
Et ole pelannut tätä visaa